000
00286nam a22001217a 4500
040
_c
HS
082
_a
338
100
_a
តុប ពេជ
245
_a
ស្ថិតិព្រៃឈើ Forest statistics
260
_a
RUA
_b
តុប ពេជ
_c
1998
300
_a
82p;
942
_c
KB
999
_c
9156
_d
9156